000 02016nam a2200433 c 4500
003 BLK
005 20250311123953.0
008 180408b bul|||||r ||||||| ||bul||
010 _aKNG00080286000
020 _a978-954-535-480-9
_bиздат.: Нов бълг. унив.
040 _aBLK
041 _aBUL
_cBUL
080 _aПазар. Анализ на пазара. Търсене. Предлагане. Конкуренция. Маркетингова логистика
_b339.13
_x(075.8)
_z339.13(075.8)
080 _aИкономическа психология. Икономическо поведение. Физиологични и психологични елементи. Интереси. Икономически дух
_b330.16
_x(075.8)
_z330.16(075.8)
100 1 _aМаркова, Благодатка Пенчева
_eпърви автор
_9365032
139 _aМаркова, Благодатка Пенчева
_bМ 32
245 1 0 _aПоведение на потребителя
_bУчебник
_cБлагодатка Пенчева Маркова.
257 _aBGR
260 София
_bНов бълг. унив.
_c2007
300 _a206 с.
_bс табл.
_c20 см
380 _a3
490 1 _aИкономика
500 _aБиблиогр. след отд. гл.
650 4 _aПотребление - психологични проблеми
_9264123
650 4 _aТърсене и предлагане
_9259981
650 4 _aМаркетинг - учебници за ВУЗ
_9242328
650 4 _aИкономическо поведение
_9245306
653 _aпотребление
653 _aмаркетинг
653 _aикономическо поведение
653 _aпродажби
653 _aучебници за ВУЗ
852 _aЦб 237569
856 4 _qpdf
_u
856 4 _qpdf
_u
942 _cKNG
_n0
_04
944 _aCR
_c07.01.2008
_k30535
_lХристина Везирева
944 _aED
_c09.01.2009
_k
999 _c75864
_d75864